000 00450nam a22001697a 4500
005 20241009155855.0
008 241009b |||||||| |||| 00| 0 eng d
020 _a9789359624907
082 _a920
100 _aGopinath Muthukad
245 _aJeevitham Oru Padapusthakam
250 _a2nd
260 _aKozhikode
_bMathrubhumi Printing & Publishing Co.Ltd
_c2024
650 0 _aGeneral
_vGeneral
_xMalayalam Books
942 _cBK
999 _c248802
_d248802